Normal view
MARC view
- Environmental Engineering - MS Thesis
Entry Topical Term
001 - CONTROL NUMBER
- control field: 16339
003 - CONTROL NUMBER IDENTIFIER
- control field: NUST
005 - DATE AND TIME OF LATEST TRANSACTION
- control field: 20190702070803.0
008 - FIXED-LENGTH DATA ELEMENTS
- fixed length control field: 190702|| aca||aabn | a|a d
040 ## - CATALOGING SOURCE
- Original cataloging agency: NUST
- Transcribing agency: NUST
150 ## - HEADING--TOPICAL TERM
- Topical term or geographic name entry element: Environmental Engineering - MS Thesis
670 ## - SOURCE DATA FOUND
- Source citation: Work cat.: (NUST): Adnan, Muhammad 16338, Performance Evalation of Fertilize Drawn Forward Osmosis Membrane Bioreactor Treating Domestic Wastewater /, 2019.
